|
|
|
|
| LEADER |
00000nam0a2200000 4500 |
| 001 |
225121 |
| 005 |
20231101230636.0 |
| 035 |
|
|
|a (RuTPU)RU\TPU\book\245454
|
| 090 |
|
|
|a 225121
|
| 100 |
|
|
|a 20121106d2011 k y0rusy50 ca
|
| 101 |
0 |
|
|a rus
|
| 102 |
|
|
|a RU
|
| 105 |
|
|
|a y z 101zy
|
| 200 |
1 |
|
|a Редкие металлы: минерально-сырьевая база, освоение, производство, потребление
|e Всероссийская научно-практическая конференция, 1-2 марта 2011 г., Москва
|e тезисы докладов
|f Российская академия наук (РАН), Институт минералогии, геохимии и кристаллохимии редких элементов (ИМГРЭ) ; отв. ред. А. А. Кременецкий, Н. А. Архипова, Т. Ю. Усова
|
| 210 |
|
|
|a Москва
|c Изд-во ИМГРЭ
|d 2011
|
| 215 |
|
|
|a 201 с.
|
| 320 |
|
|
|a Библиография в конце докладов.
|
| 320 |
|
|
|a Авторский указатель: с. 199-201.
|
| 330 |
|
|
|a Сборник содержит тезисы докладов Всероссийской научно-практической конференции «Редкие металлы: минерально-сырьевая база, освоение, производство, потребление», состоявшейся 1-2 марта 2011 г. в ИМГРЭ (Москва). Тезисы посвящены широкому кругу вопросов: минерально-сырьевой базе и производству редких металлов в России и странах СНГ; конъюнктуре рынка редких металлов в России, странах СНГ и мире; новым данным по геологии, минералогии, геохимии и генезису редкометалльных месторождений; современным мине-ралого-аналитическим методам изучения редкометалльных месторождений и руд; геолого-геохимическим и геофизическим методам выявления, локализации и оценки прогнозных ресурсов редких металле»; инновационным технологиям добычи, обогащения и переработки редкометалльных руд^ геолога-экономической оценке редкометалльных объ ектов и путям повышения их инвестиционной привлекательности для подготовки к лицензированию; проблемам попутного производства редких металлов; стратегии и политики отдельных стран в сфере развития МСБ, производства и использования редких металлов.
|
| 606 |
1 |
|
|a Редкие металлы
|x Месторождения
|2 stltpush
|3 (RuTPU)RU\TPU\subj\24210
|9 48623
|
| 610 |
1 |
|
|a минерально-сырьевая база
|
| 610 |
1 |
|
|a освоение
|
| 610 |
1 |
|
|a производство
|
| 610 |
1 |
|
|a потребление
|
| 610 |
1 |
|
|a Россия
|
| 610 |
1 |
|
|a СНГ
|
| 610 |
1 |
|
|a мировой рынок
|
| 610 |
1 |
|
|a геохимия
|
| 610 |
1 |
|
|a редкометальные месторождения
|
| 610 |
1 |
|
|a геофизические методы
|
| 610 |
1 |
|
|a добыча
|
| 610 |
1 |
|
|a обогащение
|
| 610 |
1 |
|
|a конференции
|
| 610 |
1 |
|
|a Москва
|
| 675 |
|
|
|a 553.493.5(063)
|v 3
|
| 702 |
|
1 |
|a Кременецкий
|b А. А.
|4 340
|
| 702 |
|
1 |
|a Архипова
|b Н. А.
|4 340
|
| 702 |
|
1 |
|a Усова
|b Т. Ю.
|4 340
|
| 712 |
0 |
2 |
|a Российская академия наук (РАН)
|b Институт минералогии, геохимии и кристаллохимии редких элементов (ИМГРЭ)
|c (Москва)
|2 stltpush
|3 (RuTPU)RU\TPU\col\280
|
| 712 |
1 |
2 |
|a Редкие металлы: минерально-сырьевая база, освоение, производство, потребление
|b Всероссийская научно-практическая конференция
|f 2011
|
| 801 |
|
1 |
|a RU
|b 63413507
|c 20121106
|
| 801 |
|
2 |
|a RU
|b 63413507
|c 20210824
|g RCR
|
| 942 |
|
|
|c BK
|
| 959 |
|
|
|a 146/20121106
|d 1
|e 0
|f ЧЗТЛ:1
|